Chosen famous writers from Slovakia - Statistics

General Stats
  • This quiz has been taken 7 times
  • The average score is 8 of 12
Answer Stats
Hint Answer % Correct
Ťapákovci. Skon Paľa Ročku. [Polichno] Božena Slančíková-Timrava
100%
Smrť Jánošikova. [Vyšný Skálnik] Jan Botto
100%
Statky-zmätky. Maco Mlieč. [Tajov] Jozef Gregor Tajovský
100%
Keď báčik z Chochoľova umrie. Rysavá jalovica. Neprebudený. [Jasenová] Martin Kukucin
100%
Drak sa vracia [Hybe] Dobroslav Chrobak
83%
Jozef Mak. Budkáčik a Dubkáčik. [Zvolen] Jozef Cíger-Hronský
83%
Cválajúce dni. Básnik a žena. [Zemianske Lieskové] Ján Smrek
67%
Bačova žena. Jožko Púčik a jeho kariéra. [Liptovský Mikuláš] Ivan Stodola
50%
Zajko Bojko. Čin-čin. [Horné Bzince] Ľudmila Podjavorinská
33%
Tisícročná včela. Telo v herbári. [Hybe] Peter Jaroš
33%
Maroško. Cestou. [Liptovský Svätý Mikuláš] Martin Rázus
17%
Zo srdca. Vlny duše. [Martin] Hana Gregorová
0%
No matching quizzes found
Score Distribution
Percent of People with Each Score
Percentile by Number Answered
Your Score History
You have not taken this quiz